| 000 | 00525nam a2200181 a 4500 | ||
|---|---|---|---|
| 001 | 7021 | ||
| 003 | CO-ViMGA | ||
| 008 | 141112s2004 ck r 000 u spa d | ||
| 040 |
_aCO-ViMGA _bspa _cCO-ViMGA |
||
| 082 | 0 | 4 | _aR343.093 C656t |
| 100 | 1 |
_aColombia. Leyes Decretos, _96163 |
|
| 245 | 1 | 0 |
_aCódigo nacional de tránsito terrestre / _cMotta Ricardo |
| 260 |
_aSantafé de Bogotá : _bEcoe, _c1995 |
||
| 300 | _a379 p | ||
| 490 | _aLas leyes de colombia | ||
| 650 | 1 | 4 |
_aTRANSPORTE - LEGISLACION _96073 |
| 942 |
_2ddc _cBK |
||
| 999 |
_c18986 _d18986 |
||